000 00325nam a2200133Ia 4500
005 20260328101447.0
008 260328s9999||||xx |||||||||||||| ||und||
100 _aGaram Masala
245 0 _aHabita Inhabit India /
_cGaram Masala
260 _bMairea Libros
300 _a355 p.
650 _aVIVIENDA ECONÓMICA
942 _cBK
999 _c8513
_d8513